000 00468nam a22001097a 4500
008 150617b xxu||||| |||| 00| 0 eng d
010 _8SCCRSF: 004
245 _aHIGH COURT CRIMINAL SESSION No.340 of 1969 Uganda Vs John Yiga
260 _aHigh Court Kampala
500 _3(Original Criminal case No. A. 2o7 of !968 in the Chief Magistrate's Court O Mengo at Kampala Before - His Worship M.B Thakerar, Esq., Mag. Gr.1)
500 _3Before: The Hon. Mr. Justice S. Musoke
999 _c6322
_d6322